[Event "European Club Cup 2006"]
[Site "Fuegen AUT"]
[Date "2006.10.11"]
[Round "4.120"]
[White "Johannessen, Leif Erlend"]
[Black "Sahl, Bjarke"]
[Result "1-0"]
[WhiteElo "2551"]
[BlackElo "2389"]
[PlyCount "143"]
[EventDate "2006.10.08"]
[EventType "team"]
[EventRounds "7"]
[EventCountry "AUT"]
[Source "lmi"]
[SourceDate "2006.10.08"]

1. d4 Nf6 2. c4 e6 3. Nc3 Bb4 4. Qc2 O-O 5. a3 Bxc3+ 6. Qxc3 Ne4 7. Qc2 f5 8.
Nf3 d6 9. b4 a5 10. b5 b6 11. g3 Bb7 12. Bg2 Nd7 13. Ng5 Qf6 14. O-O Qg6 15.
Rd1 Rae8 16. Nh3 h6 17. Bb2 Qf7 18. Nf4 e5 19. dxe5 Nxe5 20. Nd5 Ba8 21. Rac1
Nc5 22. Bd4 Ne6 23. Qd2 Nd7 24. e3 Ndc5 25. Qc2 Ne4 26. Ba1 N4c5 27. f4 Ne4 28.
Bf3 N6c5 29. Bd4 Re6 30. Kh1 h5 31. Rg1 Rh6 32. Rcd1 Re8 33. Rg2 Kh7 34. Rgg1
Kg8 35. h3 Kh8 36. Kh2 Kg8 37. Ba1 Bb7 38. Bd4 Ree6 39. Rg2 Re8 40. Kg1 Bc8 41.
Qe2 Kf8 42. g4 hxg4 43. hxg4 fxg4 44. Bxg4 Bxg4 45. Qxg4 Rh7 46. f5 Nf6 47.
Bxf6 gxf6 48. Nxf6 Qxf6 49. Qg8+ Ke7 50. Qxh7+ Kd8 51. Rg8 Ne4 52. Rd4 Ng5 53.
Rxe8+ Kxe8 54. Qh5+ Ke7 55. Qg4 Qh6 56. Kg2 Kf6 57. Rd1 Nf7 58. Rf1 Ne5 59. Qg3
Nxc4 60. Rf4 Ne5 61. Qg8 Nf7 62. Rg4 Ng5 63. Rg3 Kxf5 64. Qc4 Qh5 65. Qf4+ Kg6
66. Rg4 Qh3+ 67. Kg1 Qh5 68. e4 Qh6 69. a4 Qh5 70. Qf5+ Kh6 71. Qf6+ Qg6 72.
Rh4# 1-0

[Event "European Club Cup 2006"]
[Site "Fuegen AUT"]
[Date "2006.10.11"]
[Round "4.122"]
[White "Hammer, Jon Ludvig"]
[Black "Ekeberg, Carl Fredrik"]
[Result "0-1"]
[WhiteElo "2380"]
[BlackElo "2334"]
[PlyCount "144"]
[EventDate "2006.10.08"]
[EventType "team"]
[EventRounds "7"]
[EventCountry "AUT"]
[Source "lmi"]
[SourceDate "2006.10.08"]

1. e4 e6 2. d4 d5 3. Nc3 Nf6 4. e5 Nfd7 5. f4 c5 6. Nf3 Nc6 7. Be3 cxd4 8. Nxd4
Bc5 9. Qd2 O-O 10. O-O-O a6 11. Qf2 Bxd4 12. Bxd4 b5 13. Bd3 b4 14. Ne2 a5 15.
Kb1 Ba6 16. Rhe1 a4 17. Nc1 Qc7 18. f5 Nxd4 19. Qxd4 Bxd3 20. Nxd3 b3 21. cxb3
axb3 22. Rc1 bxa2+ 23. Ka1 Qa7 24. Qxa7 Rxa7 25. fxe6 fxe6 26. Rc6 Re8 27. Rec1
Kf7 28. Rc7 Rea8 29. R1c6 Rxc7 30. Rxc7 Ke8 31. Rc6 Kf7 32. Rc7 Ke8 33. Rc3 Ra4
34. Rc8+ Ke7 35. Rc7 Rc4 36. Ra7 Ke8 37. Kxa2 Rd4 38. Ra3 Re4 39. Ra8+ Ke7 40.
Ra7 Ke8 41. Rxd7 Kxd7 42. Nc5+ Kc6 43. Nxe4 dxe4 44. Kb3 Kb5 45. Kc3 Kc5 46.
Kd2 Kd4 47. Ke2 e3 48. Ke1 Kd3 49. Kd1 e2+ 50. Ke1 Ke3 51. b4 Kd4 52. Kxe2 Kc4
53. Ke3 Kxb4 54. Kd4 Kb5 55. Kd3 Kc5 56. Ke4 Kc4 57. Ke3 Kd5 58. Kf4 Kd4 59.
Kf3 Kxe5 60. Ke3 Kd5 61. Kd3 e5 62. Ke3 e4 63. Ke2 Kd4 64. Kd2 e3+ 65. Ke2 Ke4
66. Ke1 Kd3 67. Kd1 e2+ 68. Ke1 Ke3 69. h3 Kd3 70. h4 Ke3 71. h5 h6 72. g4 Kf4
0-1

[Event "European Club Cup 2006"]
[Site "Fuegen AUT"]
[Date "2006.10.11"]
[Round "4.124"]
[White "Moen, Ole Christian"]
[Black "Sahl, Sheila Barth"]
[Result "1-0"]
[WhiteElo "2244"]
[BlackElo "2192"]
[PlyCount "75"]
[EventDate "2006.10.08"]
[EventType "team"]
[EventRounds "7"]
[EventCountry "AUT"]
[Source "lmi"]
[SourceDate "2006.10.08"]

1. e4 e5 2. Nf3 Nc6 3. Bc4 Nf6 4. d3 Be7 5. O-O O-O 6. Re1 d6 7. c3 Nd7 8. b4
Nb6 9. Bb3 a6 10. Nbd2 Kh8 11. a4 d5 12. a5 dxe4 13. dxe4 Nd7 14. Nc4 Bf6 15.
Re3 b5 16. axb6 cxb6 17. Rd3 Qc7 18. Nd6 Ndb8 19. Ng5 Bxg5 20. Bxg5 f6 21. Be3
f5 22. exf5 e4 23. Rd2 Ne5 24. Bf4 Nbd7 25. Nxe4 Bb7 26. Nd6 Bf3 27. gxf3 Qxc3
28. Bd5 Rab8 29. Rd4 g5 30. Rc1 Qb2 31. Rc2 Qa3 32. Bc1 Qa4 33. Bb2 Nf6 34. b5
Qa5 35. Ne4 Nh5 36. Ra4 Qxa4 37. Bxe5+ Nf6 38. Nxf6 1-0

[Event "European Club Cup 2006"]
[Site "Fuegen AUT"]
[Date "2006.10.11"]
[Round "4.125"]
[White "Hammerstad, Asmund"]
[Black "Kovachev, Daniel"]
[Result "0-1"]
[WhiteElo "2223"]
[BlackElo "2132"]
[PlyCount "86"]
[EventDate "2006.10.08"]
[EventType "team"]
[EventRounds "7"]
[EventCountry "AUT"]
[Source "lmi"]
[SourceDate "2006.10.08"]

1. d4 Nf6 2. c4 e6 3. Nc3 Bb4 4. Qc2 d5 5. cxd5 exd5 6. Bg5 c5 7. e3 Nc6 8. Nf3
h6 9. Bxf6 Qxf6 10. a3 Bf5 11. Bd3 Bxd3 12. Qxd3 Bxc3+ 13. bxc3 c4 14. Qb1 O-O
15. O-O Na5 16. Nd2 Qc6 17. a4 Rab8 18. Qb4 b6 19. Rfe1 Rfe8 20. Rab1 a6 21. f3
f5 22. Re2 Re6 23. Rbe1 Rbe8 24. Qb1 f4 25. e4 Qxa4 26. e5 Qa3 27. Qc2 b5 28.
Rb1 Nc6 29. Rd1 a5 30. Nb1 Qe7 31. Qc1 Rf8 32. Na3 Na7 33. Rde1 Qb7 34. Rb2 b4
35. Ree2 Nb5 36. Nxb5 Qxb5 37. Qb1 Ra8 38. Rec2 Rb6 39. Qc1 Qc6 40. cxb4 axb4
41. Qxf4 c3 42. Ra2 Rxa2 43. Rxa2 c2 0-1

[Event "European Club Cup 2006"]
[Site "Fuegen AUT"]
[Date "2006.10.11"]
[Round "4.127"]
[White "Van Haastert, Edwin"]
[Black "Roussiere, Christophe"]
[Result "1-0"]
[WhiteElo "2393"]
[BlackElo "2118"]
[PlyCount "123"]
[EventDate "2006.10.08"]
[EventType "team"]
[EventRounds "7"]
[EventCountry "AUT"]
[Source "lmi"]
[SourceDate "2006.10.08"]

1. e4 e5 2. Nf3 Nc6 3. Bb5 a6 4. Ba4 Nf6 5. O-O Be7 6. Re1 b5 7. Bb3 O-O 8. c3
d6 9. h3 Na5 10. Bc2 c5 11. d4 Qc7 12. Nbd2 cxd4 13. cxd4 Nc6 14. Nb3 Nb4 15.
Bb1 a5 16. Be3 Bb7 17. a3 Na6 18. Bd2 b4 19. axb4 Nxb4 20. Bc3 d5 21. exd5 e4
22. Ng5 Nbxd5 23. Bxa5 Rxa5 24. Nxa5 Bb4 25. Nxb7 Bxe1 26. Nc5 Bxf2+ 27. Kxf2
Qf4+ 28. Kg1 Qxg5 29. Ra3 e3 30. Qf3 Re8 31. Ne4 Qf4 32. Qxf4 Nxf4 33. Rxe3
Nxe4 34. Rxe4 Rxe4 35. Bxe4 Ne2+ 36. Kf2 Nxd4 37. Ke3 Ne6 38. b4 Kf8 39. Bd5
Nc7 40. Kd4 Ke7 41. Kc5 Na6+ 42. Kb5 Nc7+ 43. Kc6 Nxd5 44. Kxd5 Kd7 45. Kc5 Kc7
46. h4 h5 47. Kd5 Kd7 48. Kc5 Kc7 49. b5 f6 50. Kd5 Kd7 51. b6 g5 52. hxg5 fxg5
53. Ke5 Kc6 54. Kf5 g4 55. Kg5 Kxb6 56. Kxh5 g3 57. Kg4 Kc6 58. Kxg3 Kd6 59.
Kf4 Ke7 60. Kg5 Kf8 61. Kg6 Kg8 62. g3 1-0

[Event "European Club Cup 2006"]
[Site "Fuegen AUT"]
[Date "2006.10.11"]
[Round "4.128"]
[White "Birens, Eric Andre"]
[Black "Bosman, Michiel"]
[Result "0-1"]
[WhiteElo "2007"]
[BlackElo "2339"]
[PlyCount "68"]
[EventDate "2006.10.08"]
[EventType "team"]
[EventRounds "7"]
[EventCountry "AUT"]
[Source "lmi"]
[SourceDate "2006.10.08"]

1. d4 Nf6 2. c4 e6 3. Nc3 Bb4 4. a3 Bxc3+ 5. bxc3 c5 6. e3 b6 7. Bd3 Bb7 8. f3
O-O 9. Ne2 Nc6 10. e4 Ne8 11. O-O d6 12. f4 f5 13. exf5 exf5 14. Be3 Qd7 15.
Qc2 g6 16. Ng3 Ng7 17. Rfe1 Rfe8 18. h4 Re7 19. h5 Rf8 20. Kf2 Na5 21. a4 Ba6
22. hxg6 hxg6 23. d5 Bxc4 24. Rh1 Rfe8 25. Rae1 Bxd3 26. Qxd3 Qxa4 27. Rh6 Rxe3
28. Rxe3 Qxf4+ 29. Rf3 Qxh6 30. Qa6 Qc1 31. Nf1 Nb3 32. Qd3 c4 33. Qxc4 Nd2 34.
Nxd2 Qe1# 0-1

[Event "European Club Cup 2006"]
[Site "Fuegen AUT"]
[Date "2006.10.11"]
[Round "4.132"]
[White "Kiik, Kalle"]
[Black "Jelling, Erik"]
[Result "1-0"]
[WhiteElo "2444"]
[BlackElo "2393"]
[PlyCount "95"]
[EventDate "2006.10.08"]
[EventType "team"]
[EventRounds "7"]
[EventCountry "AUT"]
[Source "lmi"]
[SourceDate "2006.10.08"]

1. e4 c6 2. c4 d5 3. cxd5 cxd5 4. exd5 Nf6 5. Nc3 Nxd5 6. Nf3 e6 7. Bc4 Be7 8.
O-O O-O 9. d4 Nc6 10. Re1 Nf6 11. a3 b6 12. Qd3 Bb7 13. Bg5 Na5 14. Ba2 Bxf3
15. Qxf3 Rc8 16. Rad1 h6 17. Bf4 Bd6 18. Be5 Nh7 19. Ne4 Bxe5 20. dxe5 Qe7 21.
Nd6 Rc7 22. Bb1 Rb8 23. Qe4 Nf8 24. b4 Nc6 25. f4 Nd8 26. h3 a5 27. Re3 axb4
28. axb4 Ra7 29. f5 exf5 30. Nxf5 Qb7 31. Qg4 Ng6 32. h4 h5 33. Qg3 Ne6 34. Nd6
Qe7 35. Bxg6 fxg6 36. Qxg6 Nf4 37. Qg3 Rf8 38. Rf1 Ne6 39. Rxf8+ Nxf8 40. Rf3
Qe6 41. Qg5 Ng6 42. Qd8+ Kh7 43. Rf5 Ra1+ 44. Kh2 Nf4 45. Qg5 Nxg2 46. Qxh5+
Kg8 47. Qg4 Qd5 48. Rf8+ 1-0

[Event "European Club Cup 2006"]
[Site "Fuegen AUT"]
[Date "2006.10.11"]
[Round "4.133"]
[White "Christensen, Tobias"]
[Black "Ivanov, Sergei"]
[Result "1/2-1/2"]
[WhiteElo "2349"]
[BlackElo "2354"]
[PlyCount "177"]
[EventDate "2006.10.08"]
[EventType "team"]
[EventRounds "7"]
[EventCountry "AUT"]
[Source "lmi"]
[SourceDate "2006.10.08"]

1. c4 c5 2. Nc3 Nc6 3. g3 g6 4. Bg2 Bg7 5. a3 a6 6. Rb1 Rb8 7. b4 cxb4 8. axb4
b5 9. cxb5 axb5 10. Nh3 e6 11. Nf4 Nge7 12. Bb2 d5 13. Ncxd5 Bxb2 14. Nxe7 Nxe7
15. Rxb2 Bb7 16. Bxb7 Rxb7 17. Qb3 O-O 18. O-O Rd7 19. Qc3 Rc7 20. Qe5 Qb8 21.
h4 h5 22. Rb3 Rd8 23. Rd3 Rxd3 24. Nxd3 Nd5 25. e4 Ne7 26. Qg5 Nc6 27. Nf4 Nd4
28. Kg2 Kh7 29. g4 Qg8 30. Nxh5 gxh5 31. Qxh5+ Kg7 32. Qe5+ Kh7 33. Qh5+ Kg7
34. Qe5+ Kh7 35. Qxc7 Qxg4+ 36. Qg3 Qxe4+ 37. f3 Qd3 38. Rf2 Nf5 39. Qg4 Qb1
40. Qe4 Qa1 41. Kh2 Qf6 42. Rg2 Qxh4+ 43. Qxh4+ Nxh4 44. Rg3 Nf5 45. Rg4 Ne7
46. f4 Nc6 47. f5 exf5 48. Rg5 Nd4 49. Kg2 Kh6 50. Rg3 Nc6 51. Kf3 Nd4+ 52. Kf2
Nc2 53. Rg1 Nxb4 54. Rb1 Nc6 55. Rxb5 Kg5 56. Rc5 Nd4 57. Rc7 Kf6 58. Ra7 f4
59. Rd7 Ne6 60. Ke2 Ng5 61. Rd5 Kg6 62. Ra5 f6 63. d4 Kf7 64. Rf5 f3+ 65. Ke3
Ke6 66. Ra5 Kd6 67. Ra6+ Ke7 68. d5 Kf7 69. Ra7+ Ke8 70. Ra2 Kd7 71. Ra6 Ke7
72. Rb6 Kf7 73. Rb7+ Ke8 74. Rb1 Kd7 75. Rf1 Ke7 76. Kd4 Ke8 77. Rf2 Kd7 78.
Ra2 Nh3 79. Ra7+ Ke8 80. Ra8+ Ke7 81. Ra7+ Ke8 82. Ra3 Ng5 83. Ke3 Kd7 84. Ra4
Kd6 85. Rd4 f5 86. Rd3 Ne4 87. Kxf3 Nf6 88. Kf4 Nd7 89. Kxf5 {rest illegible}
1/2-1/2

[Event "European Club Cup 2006"]
[Site "Fuegen AUT"]
[Date "2006.10.11"]
[Round "4.134"]
[White "Volodin, Aleksandr"]
[Black "Rasmussen, Casper"]
[Result "1-0"]
[WhiteElo "2339"]
[BlackElo "2316"]
[PlyCount "69"]
[EventDate "2006.10.08"]
[EventType "team"]
[EventRounds "7"]
[EventCountry "AUT"]
[Source "lmi"]
[SourceDate "2006.10.08"]

1. d4 d5 2. c4 c6 3. Nf3 Nf6 4. Nc3 a6 5. c5 Nbd7 6. Bf4 Nh5 7. Bd2 Nhf6 8. h3
e5 9. dxe5 Ne4 10. e6 fxe6 11. Nxe4 dxe4 12. Ng5 Nf6 13. Qc2 Qd5 14. Be3 h6 15.
Rd1 Qe5 16. f4 Qc7 17. Nxe4 Nd5 18. Bd2 Be7 19. Nd6+ Bxd6 20. Qg6+ Kf8 21. cxd6
Qxd6 22. e4 Ne7 23. Qxg7+ Kxg7 24. Bc3+ Kf7 25. Rxd6 Rg8 26. g4 c5 27. Bc4 b5
28. Bb3 c4 29. Bc2 Bb7 30. Ke2 Rgb8 31. f5 exf5 32. gxf5 Rg8 33. Rf1 Rad8 34.
Rxh6 Bc8 35. Rh7+ 1-0

[Event "European Club Cup 2006"]
[Site "Fuegen AUT"]
[Date "2006.10.11"]
[Round "4.135"]
[White "Pedersen, Finn"]
[Black "Jouhki, Yrjo Markus"]
[Result "1/2-1/2"]
[WhiteElo "2317"]
[BlackElo "2298"]
[PlyCount "32"]
[EventDate "2006.10.08"]
[EventType "team"]
[EventRounds "7"]
[EventCountry "AUT"]
[Source "lmi"]
[SourceDate "2006.10.08"]

1. d4 d6 2. Nf3 Bg4 3. Nbd2 Nf6 4. h3 Bf5 5. g4 Bg6 6. Bg2 e6 7. Nh4 d5 8. Nxg6
hxg6 9. e4 dxe4 10. Nxe4 Nxe4 11. Bxe4 c6 12. Qd3 Nd7 13. Be3 Nf6 14. Bg2 Nd5
15. O-O-O Qc7 16. Kb1 O-O-O 1/2-1/2

[Event "European Club Cup 2006"]
[Site "Fuegen AUT"]
[Date "2006.10.11"]
[Round "4.138"]
[White "Mehmeti, Dritan"]
[Black "Kjartansson, David"]
[Result "1-0"]
[WhiteElo "2396"]
[BlackElo "2288"]
[PlyCount "62"]
[EventDate "2006.10.08"]
[EventType "team"]
[EventRounds "7"]
[EventCountry "AUT"]
[Source "lmi"]
[SourceDate "2006.10.08"]

1. d4 b6 2. e4 Bb7 3. Bd3 e6 4. Nf3 c5 5. c3 Nf6 6. Bg5 Be7 7. Nbd2 d5 8. e5
Nfd7 9. h4 Ba6 10. Bxa6 Nxa6 11. Rh3 h6 12. Bxe7 Qxe7 13. Qe2 Nab8 14. O-O-O
Nc6 15. Kb1 c4 16. h5 b5 17. Rg3 Rg8 18. Ne1 Nb6 19. Nc2 Rb8 20. Ka1 Qb7 21.
Nb1 Na4 22. f4 a5 23. f5 b4 24. cxb4 axb4 25. fxe6 fxe6 26. Qg4 Kd7 27. Rf1 Ne7
28. Rf7 Rbc8 29. Qf3 b3 30. axb3 Qxb3 31. Qxb3 cxb3 {rest illegible} 1-0

[Event "European Club Cup 2006"]
[Site "Fuegen AUT"]
[Date "2006.10.11"]
[Round "4.144"]
[White "Pedersen, Nicolai Vesterbaek"]
[Black "Bujupi, Bajram"]
[Result "1-0"]
[WhiteElo "2510"]
[BlackElo "2227"]
[PlyCount "46"]
[EventDate "2006.10.08"]
[EventType "team"]
[EventRounds "7"]
[EventCountry "AUT"]
[Source "lmi"]
[SourceDate "2006.10.08"]

1. e4 c6 2. d4 d5 3. Nd2 dxe4 4. Nxe4 Bf5 5. Ng3 Bg6 6. h4 h6 7. Nf3 Nd7 8. h5
Bh7 9. Bd3 Bxd3 10. Qxd3 e6 11. Bf4 Ngf6 12. O-O-O Be7 13. Kb1 Nd5 14. Bd2 Qb6
15. c4 N5f6 16. Ne5 Nxe5 17. dxe5 Rd8 18. Qe2 Nh7 19. Qg4 Bg5 20. f4 Qd4 21.
Ba5 Qc5 22. Bxd8 Bxd8 23. Qxg7 Qf8 1-0

[Event "European Club Cup 2006"]
[Site "Fuegen AUT"]
[Date "2006.10.11"]
[Round "4.146"]
[White "Ondersteijn, Niels"]
[Black "Murtez, Hondozi"]
[Result "0-1"]
[WhiteElo "2288"]
[BlackElo "2318"]
[PlyCount "190"]
[EventDate "2006.10.08"]
[EventType "team"]
[EventRounds "7"]
[EventCountry "AUT"]
[Source "lmi"]
[SourceDate "2006.10.08"]

1. e4 c5 2. Nc3 e6 3. f4 Nc6 4. Nf3 d5 5. Bb5 a6 6. Bxc6+ bxc6 7. d3 a5 8. O-O
a4 9. Re1 Be7 10. Kh1 Nf6 11. Qe2 O-O 12. e5 Ne8 13. Bd2 Nc7 14. Nd1 Nb5 15. c3
f5 16. Ne3 a3 17. b3 d4 18. cxd4 cxd4 19. Nc4 c5 20. Rac1 Ra6 21. Rg1 Bb7 22.
Rcf1 Qe8 23. Qe1 Bd5 24. Qg3 Qh5 25. Ng5 h6 26. Qh3 Qg6 27. Nf3 Qg4 28. Qxg4
fxg4 29. Ne1 h5 30. h3 gxh3 31. Kh2 hxg2 32. Nxg2 Kh7 33. Be1 Rf5 34. Nh4 Bxh4
35. Bxh4 Bxc4 36. bxc4 Nc3 37. Rg2 Ra7 38. Kh3 Raf7 39. Bg5 Rxe5 40. Kh4 Re3
41. Kxh5 Rf5 42. Kg4 Kg6 43. Rfg1 Kf7 44. Rd2 Kg8 45. Rf1 Rf7 46. Kh5 Kh7 47.
Rh1 Re2 48. Kg4+ Kg6 49. Rxe2 Nxe2 50. Re1 Nc3 51. Rxe6+ Kh7 52. Ra6 Nxa2 53.
Rxa3 Nb4 54. f5 Nc2 55. Ra2 Nb4 56. Rh2+ Kg8 57. Rd2 Ra7 58. Kf4 Kf7 59. Ke5
Ra3 60. Ke4 Ra1 61. Bh4 Rh1 62. Bg3 Rh3 63. Bf4 g6 64. fxg6+ Kxg6 65. Rg2+ Kf6
66. Be5+ Ke6 67. Rg6+ Kf7 68. Rg3 Rh4+ 69. Kf5 Rh5+ 70. Kf4 Ke6 71. Rg6+ Kd7
72. Rg3 Kc6 73. Ke4 Rh1 74. Rg6+ Kb7 75. Rg3 Re1+ 76. Kf4 Kb6 77. Bd6 Re6 78.
Be5 Ka5 79. Kf5 Ra6 80. Ke4 Re6 81. Kf5 Rh6 82. Bf4 Rc6 83. Be5 Ka4 84. Ke4 Re6
85. Kf5 Rh6 86. Bf4 Rc6 87. Ke5 Kb3 88. Bd2 Nxd3+ 89. Kd5 Rc8 90. Bg5 Kc2 91.
Be7 Nb4+ 92. Ke6 Re8 93. Kd7 Rxe7+ 94. Kxe7 d3 95. Kd6 d2 0-1

[Event "European Club Cup 2006"]
[Site "Fuegen AUT"]
[Date "2006.10.11"]
[Round "4.151"]
[White "Koerholz, Ludger"]
[Black "Cobb, James"]
[Result "0-1"]
[WhiteElo "2280"]
[BlackElo "2395"]
[PlyCount "76"]
[EventDate "2006.10.08"]
[EventType "team"]
[EventRounds "7"]
[EventCountry "AUT"]
[Source "lmi"]
[SourceDate "2006.10.08"]

1. Nc3 c5 2. Nf3 Nc6 3. d4 cxd4 4. Nxd4 d6 5. g3 e5 6. Nb3 Nf6 7. Bg2 Be7 8.
Bg5 O-O 9. Qd2 a5 10. Rd1 a4 11. Nc1 Be6 12. Bxf6 Bxf6 13. Nd5 Bg5 14. e3 f5
15. f4 Bh6 16. O-O e4 17. Kh1 g6 18. Rfe1 Ra5 19. Nb4 d5 20. a3 Qb6 21. Ne2 Bg7
22. c3 Rd8 23. Bf1 Raa8 24. Nc2 Bf7 25. Ned4 Na5 26. Nb4 Rac8 27. Qc2 Bxd4 28.
Rxd4 Nb3 29. Red1 Nxd4 30. Rxd4 Qa5 31. Qd1 h5 32. h4 Kg7 33. Na2 Ra8 34. Rb4
d4 35. Rxb7 dxe3 36. Qe2 Qd5 37. Qb5 Qxb5 38. Bxb5 Rab8 0-1

[Event "European Club Cup 2006"]
[Site "Fuegen AUT"]
[Date "2006.10.11"]
[Round "4.152"]
[White "Kett, Tim"]
[Black "Gnichtel, Gerd"]
[Result "1/2-1/2"]
[WhiteElo "2234"]
[BlackElo "2217"]
[PlyCount "167"]
[EventDate "2006.10.08"]
[EventType "team"]
[EventRounds "7"]
[EventCountry "AUT"]
[Source "lmi"]
[SourceDate "2006.10.08"]

1. d4 Nc6 2. Nf3 d6 3. c4 e5 4. d5 Nce7 5. e4 g6 6. Nc3 f5 7. Bd3 Bh6 8. Bxh6
Nxh6 9. Qd2 Nf7 10. O-O-O f4 11. h4 O-O 12. Be2 Kg7 13. Rdg1 Ng8 14. g4 g5 15.
hxg5 Ne7 16. Qe1 Ng6 17. Rh5 Rh8 18. Qf1 Bd7 19. Qh3 h6 20. gxh6+ Rxh6 21. Rxh6
Nxh6 22. Nd2 Qe7 23. f3 Rh8 24. Qf1 Nf7 25. Qf2 b6 26. b3 a5 27. Kb2 Ng5 28.
Qe1 Kf8 29. Rh1 Rxh1 30. Qxh1 Qh7 31. Qxh7 Nxh7 32. Ka3 Nf6 33. b4 axb4+ 34.
Kxb4 Ne8 35. Bd1 Kf7 36. Ba4 Bxa4 37. Kxa4 Kf6 38. Kb5 Ne7 39. Na4 Nc8 40. Kc6
Ke7 41. Nc3 Kd8 42. Nb5 Ne7+ 43. Kb7 Kd7 44. Nc3 Kd8 45. Ne2 Kd7 46. Ng1 Ng7
47. Nh3 Ng6 48. Ng5 Nf8 49. Nf7 Nh7 50. Nh6 Nf6 51. Nf5 Nxf5 52. gxf5 Ne8 53.
Nf1 Nf6 54. Nh2 Kd8 55. Kc6 Kc8 56. a4 Kd8 57. Kb5 Nh7 58. a5 bxa5 59. Kxa5 Ng5
60. Kb5 Kd7 61. c5 Nh7 62. cxd6 cxd6 63. Kc4 Ng5 64. Kd3 Ke8 65. Ke2 Ke7 66.
Kf1 Kf7 67. Kg2 Ke7 68. Ng4 Kf7 69. Nf2 Ke7 70. Nd1 Kd7 71. Nc3 Ke8 72. Nb5 Ke7
73. Nc7 Nh7 74. Ne6 Nf6 75. Kh3 Kf7 76. Nc7 Nh5 77. Nb5 Ke7 78. Kh4 Nf6 79. Na3
Nd7 80. Nc4 Nf6 81. Kg5 Nh7+ 82. Kg6 Nf8+ 83. Kg7 Nd7 84. Na5 1/2-1/2

[Event "European Club Cup 2006"]
[Site "Fuegen AUT"]
[Date "2006.10.11"]
[Round "4.153"]
[White "Doison, Axel"]
[Black "Trevelyan, John"]
[Result "1-0"]
[WhiteElo "2031"]
[BlackElo "2228"]
[PlyCount "67"]
[EventDate "2006.10.08"]
[EventType "team"]
[EventRounds "7"]
[EventCountry "AUT"]
[Source "lmi"]
[SourceDate "2006.10.08"]

1. e4 c5 2. Nf3 Nc6 3. d4 cxd4 4. Nxd4 Nf6 5. Nc3 e5 6. Ndb5 d6 7. Bg5 a6 8.
Na3 b5 9. Bxf6 gxf6 10. Nd5 f5 11. c3 Bg7 12. exf5 Bxf5 13. Nc2 O-O 14. Nce3
Be6 15. Bd3 f5 16. O-O Kh8 17. Qh5 e4 18. Bc2 Ne7 19. Nf4 Qd7 20. Nxe6 Qxe6 21.
f3 d5 22. Rae1 Qg6 23. Qh4 Rae8 24. fxe4 dxe4 25. Kh1 b4 26. Ba4 Bf6 27. Bxe8
Bxh4 28. Bxg6 Bxe1 29. Bxf5 Nxf5 30. Nxf5 bxc3 31. Rxe1 Rxf5 32. bxc3 Rf2 33.
h3 Rxa2 34. Rxe4 1-0

[Event "European Club Cup 2006"]
[Site "Fuegen AUT"]
[Date "2006.10.11"]
[Round "4.154"]
[White "Spice, Alan"]
[Black "Oberweis, Paul"]
[Result "0-1"]
[WhiteElo "2205"]
[BlackElo "2094"]
[PlyCount "39"]
[EventDate "2006.10.08"]
[EventType "team"]
[EventRounds "7"]
[EventCountry "AUT"]
[Source "lmi"]
[SourceDate "2006.10.08"]

1. e4 c5 2. Nf3 Nc6 3. d4 cxd4 4. Nxd4 Nf6 5. Nc3 e5 6. Ndb5 d6 7. Bg5 a6 8.
Na3 b5 9. Nd5 Be7 10. Bxf6 Bxf6 11. c3 Bg5 12. Nc2 Be6 13. Nce3 O-O 14. a4 Bxe3
15. Nxe3 b4 16. Bc4 bxc3 17. bxc3 Qa5 18. Qd2 Rac8 19. Bd5 Ne7 20. c4 0-1

[Event "European Club Cup 2006"]
[Site "Fuegen AUT"]
[Date "2006.10.11"]
[Round "4.156"]
[White "Baburin, Alexander"]
[Black "Scannell, Stephen"]
[Result "1-0"]
[WhiteElo "2541"]
[BlackElo "2157"]
[PlyCount "117"]
[EventDate "2006.10.08"]
[EventType "team"]
[EventRounds "7"]
[EventCountry "AUT"]
[Source "lmi"]
[SourceDate "2006.10.08"]

1. d4 Nf6 2. c4 e6 3. Nc3 Bb4 4. Qc2 Nc6 5. Nf3 Qe7 6. a3 Bxc3+ 7. Qxc3 d6 8.
b4 e5 9. dxe5 Nxe5 10. Bb2 Ng6 11. g3 Bd7 12. Bg2 Bc6 13. O-O O-O 14. Rfe1 Be4
15. Bh3 Rfe8 16. Nd2 Bc6 17. e4 Qe5 18. Qc2 Qh5 19. Bg2 Bd7 20. Bxf6 gxf6 21.
f4 Bh3 22. Nf3 Bxg2 23. Kxg2 a5 24. b5 Qg4 25. Kf2 Qh3 26. Rad1 h5 27. Qc3 Kg7
28. b6 cxb6 29. Rxd6 Re6 30. Red1 Rae8 31. Rxe6 fxe6 32. Rd7+ Re7 33. Qd4 h4
34. Rxe7+ Nxe7 35. Qxb6 hxg3+ 36. hxg3 Kf7 37. Qxa5 Qh7 38. Qe1 Nc6 39. Qb1 Ke8
40. Qd3 Qe7 41. Kg2 Qc5 42. Qb3 Kd8 43. Qxb7 Qxc4 44. Qb2 Ke7 45. e5 f5 46. Qd2
Ke8 47. Kh2 Ke7 48. Ng5 Ke8 49. Kh3 Nd4 50. Qg2 Qa6 51. Qf2 Qc4 52. Nf3 Nc2 53.
Kh4 Qd3 54. Kh5 Ne3 55. Qb2 Ng4 56. Qb8+ Kd7 57. Ng5 Qxa3 58. Qb7+ Kd8 59. Nf7+
1-0

[Event "European Club Cup 2006"]
[Site "Fuegen AUT"]
[Date "2006.10.11"]
[Round "4.157"]
[White "Waters, Michael"]
[Black "Heidenfeld, Mark"]
[Result "0-1"]
[WhiteElo "2110"]
[BlackElo "2365"]
[PlyCount "94"]
[EventDate "2006.10.08"]
[EventType "team"]
[EventRounds "7"]
[EventCountry "AUT"]
[Source "lmi"]
[SourceDate "2006.10.08"]

1. e4 e6 2. b3 d5 3. Bb2 dxe4 4. Nc3 Nf6 5. Qe2 Bb4 6. O-O-O Qe7 7. Nxe4 Ba3 8.
Nf3 Nbd7 9. g4 Nxg4 10. Nd4 Bxb2+ 11. Kxb2 Ngf6 12. Nb5 Nb6 13. d4 Nxe4 14.
Qxe4 c6 15. Nc3 Nd5 16. Na4 Nf6 17. Qe5 O-O 18. Bd3 Nd7 19. Qe4 f5 20. Qe3 Qf6
21. f4 b5 22. Nc3 Nb6 23. Qf2 a5 24. Ne2 b4 25. Rhe1 Rd8 26. Rg1 Kh8 27. Rg3
Ba6 28. Re3 c5 29. Bxa6 Rxa6 30. Re5 c4 31. c3 Qf8 32. Rc5 Rb8 33. Kc2 cxb3+
34. axb3 a4 35. cxb4 Nd5 36. bxa4 Nxb4+ 37. Kd2 Rxa4 38. Ke1 Ra2 39. Kf1 h6 40.
Qe3 Qe8 41. Re5 Nd5 42. Qg3 Rbb2 43. Re1 Qc6 44. Kg1 Nf6 45. Qg2 Qc4 46. Qf3
Ne4 47. Ng3 Qxd4+ 0-1

[Event "European Club Cup 2006"]
[Site "Fuegen AUT"]
[Date "2006.10.11"]
[Round "4.158"]
[White "Mcphillips, Karl"]
[Black "McDonnell, James J"]
[Result "1/2-1/2"]
[WhiteElo "2208"]
[BlackElo "2033"]
[PlyCount "98"]
[EventDate "2006.10.08"]
[EventType "team"]
[EventRounds "7"]
[EventCountry "AUT"]
[Source "lmi"]
[SourceDate "2006.10.08"]

1. d4 d5 2. c4 c6 3. Nf3 Nf6 4. e3 Bf5 5. cxd5 cxd5 6. Qb3 Qc7 7. Bd2 e6 8.
Bb5+ Nc6 9. O-O Be7 10. Ne5 Ng4 11. Nxg4 Bxg4 12. Bb4 O-O 13. Bxc6 Bxb4 14.
Qxb4 Qxc6 15. Nc3 Rfc8 16. Rfc1 Bh5 17. Ne2 Qd7 18. Nf4 Bg6 19. Nxg6 hxg6 20.
Qd2 Rxc1+ 21. Rxc1 Rc8 22. h3 Rc6 23. b3 Qc7 24. Rxc6 Qxc6 25. Kf1 Qb5+ 26. Ke1
Qc6 27. Kd1 Qb5 28. Qe2 Qxe2+ 29. Kxe2 Kf8 30. Kd3 Ke7 31. g4 Kd6 32. f3 Kc6
33. Kc3 Kb5 34. h4 Kc6 35. g5 Kb5 36. a3 Kc6 37. Kb4 Kb6 38. a4 a5+ 39. Kc3 Kc6
40. e4 Kd6 41. Kd3 Ke7 42. Ke3 Kd7 43. Kf4 Kd6 44. e5+ Ke7 45. Kg4 Kf8 46. f4
Kg8 47. Kf3 Kh8 48. Ke3 Kg8 49. b4 b6 1/2-1/2

[Event "European Club Cup 2006"]
[Site "Fuegen AUT"]
[Date "2006.10.12"]
[Round "5.3"]
[White "Akopian, Vladimir"]
[Black "Navara, David"]
[Result "1/2-1/2"]
[WhiteElo "2713"]
[BlackElo "2725"]
[PlyCount "55"]
[EventDate "2006.10.08"]
[EventType "team"]
[EventRounds "7"]
[EventCountry "AUT"]
[Source "lmi"]
[SourceDate "2006.10.08"]

1. e4 e5 2. Nf3 Nc6 3. Bb5 a6 4. Ba4 Nf6 5. O-O Be7 6. Re1 b5 7. Bb3 O-O 8. h3
Bb7 9. d3 d6 10. a3 Qd7 11. Nc3 Rae8 12. a4 b4 13. Nd5 Nxd5 14. Bxd5 Na5 15.
Bxb7 Nxb7 16. d4 Bf6 17. c3 exd4 18. cxd4 c5 19. Bg5 Bxd4 20. Nxd4 cxd4 21.
Qxd4 Nc5 22. Bf4 Nb3 23. Qxd6 Qxd6 24. Bxd6 Nxa1 25. Rxa1 Rxe4 26. Bxf8 Kxf8
27. Rc1 Re2 28. Rc6 1/2-1/2